1643 1892 1894 1422 1179 1958 1716 1094 1210 1982 1391 1901 1087 1806 1724 1394 1508 1775 1848 1980 1685 1200 1386 1630 1227 1165 1464 1239 1150 1122 1438 1242 1803 1347 1214 1678 1263 1299 1172 1246 1540 1019 1478 1556 1303 1503 1194 1687 1762 1647 1360 1875 1202 1273 1102 1775 1932 1647 1052 1037 1881 1096 1286 1071 1818 1024 1042 1802 1073 1620 1594 1820 1189 1935 1669 1597 1513 1624 1477 1847 1413 1472 1771 1701 1348 1020 1717 1468 1306 1147 1374 1524 1438 1685 1844 1209 1403 1713 1955 BCNSPRNW ULIB Ver.6.0+V

เปลี่ยนเป็นภาษาไทย

Change to English
 แสดงรายละเอียดบรรณานุกรม
  กลับหน้าหลัก

Brief Record : Get Marc (ISO 2709) : E-mail record : QR code < ปิดหน้าต่าง
LEADER : 00000nam 2200000uu 4500
001    13399121002
003     ULIB
008    121030s2548||||th 000 0 tha d
020    ^a9746111663
050  4 ^aHV859.T5^bส719ก ล.2
245 00 ^aการจัดการสถานเลี้ยงเด็กในชุมชน หน่วยที่ 8-15=^bManagement of child care centers /^cสาขาวิชาคหกรรมศาสตร์ มหาวิทยาลัยสุโขทัยธรรมาธิราช
246 31 ^aManagement of child care centers
250    ^aพิมพ์ครั้งที่ 8
260    ^aนนทบุรี :^bสำนักพิมพ์มหาวิทยาลัยสุโขทัยธรรมาธิราช,^c2548
300    ^a2 เล่ม :^bภาพประกอบ ;^c30 ซม.
500    ^a"เอกสารการสอนชุดวิชา 70423 หน่วยที่ 1-7, 8-15"- หน้าปกใน
650  4 ^aเด็ก^xการดูแลและสุขวิทยา
650  4 ^aสถานเลี้ยงเด็ก^xการจัดการ
710 2  ^aมหาวิทยาลัยสุโขทัยธรรมาธิราช. ^bสาขาวิชาคหกรรมศาสตร์
945    ^p0^l0^i24386
995    ^aทศพร
999    ^aทศพร เกษรทอง
รายการนี้ยังไม่มีแท็ก
คุณยังไม่ได้ล็อกอิน คุณสามารถมีกิจกรรมร่วมกับเว็บไซต์ได้ แต่ต้องล็อกอินก่อน ::
  ล็อกอิน

รายการสื่อสารสนเทศ

ลำดับที่ ประเภท เลขเรียก/บาร์โค้ด สถานที่ สถานะ
1. วิทยาศาสตร์การแพทย์ และสุขภาพ
วิทยาศาสตร์การแพทย์ และสุขภาพ
HV859.T5 ส719ก ล.2 ฉ.1 
  Barcode: 24386
ห้องสมุดวิทยาเขตสวรรค์ประชารักษ์
►หนังสือทั่วไป
บนชั้น

BibComment


ยังไม่เคยถูกคอมเมนท์

คอมเมนท์ทรัพยากรรายการนี้
  คอมเมนท์: การจัดการสถานเลี..


 Copyright 2026. Bcnsprnw @Library